000
00286nam a2200121Ia 4500
005
20251222141819.0
008
251222s9999||||xx |||||||||||||| ||spa||
020
_a
978-958-625-653-7
082
_a
231/C76
245
0
_a
Aparecida:
264
_b
Conferencia Episcopal Peruana
942
_c
LIB
999
_c
6750
_d
6750